| 000 | 00794nas a2200253 4500 | ||
|---|---|---|---|
| 001 | BR0704075 | ||
| 003 | BR-BrBNA | ||
| 005 | 20231205111055.0 | ||
| 007 | ta | ||
| 008 | 230509b bl.|||p| |||| 00| 00por d | ||
| 040 |
_aBR-BrBNA _bpor _cBiblioteca Nacional de Agricultura |
||
| 041 | _a(Pt) | ||
| 072 | _aF06 | ||
| 100 | 1 | _aPaterniani, J.E.S. | |
| 100 | 1 | _aAiroldi, R.P.S. | |
| 245 | 1 | _aAvaliação da influência de diferentes filtros na uniformidade de distribuição de água em gotejadores | |
| 650 | _aIRRIGAÇÃO POR GOTEJAMENTO | ||
| 650 | _aFILTRO | ||
| 650 | _aPRODUÇÃO AGRÍCOLA | ||
| 650 | _aÁGUA | ||
| 773 | 0 |
_tEcossistema (Brazil) _xISSN 0100-4107 _g(Aug-Dec 2000), v. 25(2) p. 212-214 _wBR0704075 |
|
| 909 |
_a202311 _bLúcia _c55 _dLúcia Elande |
||
| 942 |
_2AGRIS _n0 _cANA |
||
| 999 |
_c190487 _d190487 |
||